| 000 | 02785cam a22006734i 4500 | ||
|---|---|---|---|
| 003 | PE-LiUPU | ||
| 005 | 20250731170448.0 | ||
| 008 | 150706s2009 sp a rb 000 0 spa d | ||
| 020 | _a9788471337849 | ||
| 035 | _a(Sirsi) i9788471337849 | ||
| 040 |
_aPE-LiUPU _bspa _cPE-LiUPU _erda |
||
| 049 | _aPRUA | ||
| 082 | 0 | 4 |
_a153.97 _bB35 _221 |
| 100 | 1 |
_aBeltrán Campos, Sonia Gema, _eautor. |
|
| 245 | 1 | 0 |
_aFormación en competencias socioemocionales : _bLibro del formador / _cSonia Beltrán . [et al.] . |
| 264 | 1 |
_aMadrid : _bLa Muralla, _c2009. |
|
| 300 | _a1 CD-ROM | ||
| 300 |
_a476 páginas : _bilustraciones ; _c22 centímetros. |
||
| 336 |
_atext _2rdacontent |
||
| 337 |
_aunmediated _2rdamedia |
||
| 338 |
_avolume _2rdacarrier |
||
| 490 | 0 | _aColección Aula Abierta | |
| 504 | _aIncluye bibliografía al final de cada capiatulo. | ||
| 505 | 0 | _aAutoconciencia -- Regulación emocional -- Empatía -- Motivación -- Asertividad -- Trabajo en equipo -- Resolución de conflictos. | |
| 526 | _aSEG68 | ||
| 526 | _aSEG70 | ||
| 526 | _aSEG69 | ||
| 526 | _aSEG67 | ||
| 526 | _aSEG43 | ||
| 526 | _aP144 | ||
| 526 | _aP143 | ||
| 526 | _aP131 | ||
| 526 | _aP122 | ||
| 526 | _aP120 | ||
| 526 | _aP117 | ||
| 526 | _aP112 | ||
| 526 | _aP110 | ||
| 526 | _aP106 | ||
| 526 | _aP101 | ||
| 526 | _aP80 | ||
| 526 | _aP59 | ||
| 526 | _aP54 | ||
| 526 | _aP35 | ||
| 526 | _aP33 | ||
| 526 | _aP30 | ||
| 541 | _g015-0011610; | ||
| 650 | 0 | 4 |
_aInteligencia emocional _xMaterial didáctico . |
| 700 | 1 |
_aRepetto, Elvira, _edir. |
|
| 910 |
_bjv _clch _d20100520 |
||
| 942 |
_2ddc _cBOOK |
||
| 949 |
_a153.97 B35 _wDEWEY _c1 _i61723 _d2016-9-28 _e2016-9-25 _lCCODEBUL1 _mBUL _n3 _p39.00 _r0 _sY _tBOOK _u2015-7-6 _xEDUCACION _PP20 _0COMPRA _o.STAFF. Colección General |
||
| 949 |
_a153.97 B35 _wDEWEY _c2 _i69353 _d2015-11-16 _e2015-11-16 _lCCODEBUL1 _mBUL _n1 _p47.00 _r0 _sY _tBOOK _u2015-7-30 _xSALUD _PP33 _0COMPRA _o.STAFF. Colección General |
||
| 949 |
_a153.97 B35 _wDEWEY _c3 _i69355 _lCCODEBUL1 _mBUL _p47.00 _r0 _sY _tBOOK _u2015-7-30 _xSALUD _PP33 _0COMPRA _o.STAFF. Colección General |
||
| 994 |
_aC0 _bPEPRU |
||
| 596 | _a1 | ||
| 999 |
_a153.97 B35 _wDEWEY _c50870 _i61723 _d50870 _e2016-9-25 _f2021-11-8 _g6 _lCCODEBUL1 _mBUL _n3 _p39.00 _r0 _sY _tBOOK _u2015-7-6 _xEDUCACION _PP20 _0COMPRA _o.STAFF. Colección General |
||
| 999 |
_a153.97 B35 _wDEWEY _c2 _i69353 _d2019-11-13 _e2018-4-27 _f2021-11-3 _g5 _lCCODEBUL1 _mBUL _n2 _p47.00 _q4 _r0 _sY _tBOOK _u2015-7-30 _xSALUD _PP33 _0COMPRA _o.STAFF. Colección Ciencias de la Salud |
||
| 999 |
_a153.97 B35 _wDEWEY _c3 _i69355 _d2018-12-14 _e2018-12-7 _f2021-11-3 _g5 _lCCODEBUL1 _mBUL _n3 _p47.00 _q2 _r0 _sY _tBOOK _u2015-7-30 _xSALUD _PP33 _0COMPRA _o.STAFF. Colección General |
||
| 980 |
_81 _gALBERTO SANCHEZ Responsable de Automatización |
||